00622nam a2200205Ia 4500003000400000005001700004008004100021020001500062040001800077041000800095082002200103100002300125245006900148250001200217260003600229300002800265650003900293650004400332650004000376OSt20250215105717.0210716s1998 xx 000 0 und d a8176351490 cAIMIT LIBRARY aeng a006.671 21bCADR aCadenhead, Rogers. aSams teach yourself java 1.2 in 24 hours /cBy Rogers Cadenhead. a1st ed. aNew Delhi :bTechmedia ,c1998. axvii,429p. ;bPBc24 cm aLearning the basics of programming aCreating applets for the world wide web aImproving the look of year programs